|
|
|
|
| LEADER |
01326cam a2200337 7i4500 |
| 001 |
0000032480 |
| 005 |
20150625090000.0 |
| 020 |
0 |
0 |
|a 9789671254325
|
| 090 |
0 |
0 |
|a M 338.64209595
|b SHA
|
| 100 |
1 |
0 |
|a Shamshubaridah Ramlee
|
| 245 |
1 |
0 |
|a SMEs in Malaysia :
|b An Industry Research on the Wholesale & Retail Sector.
|
| 260 |
0 |
0 |
|a Kuala Lumpur:
|b Centre for Entrepreneur Development and Research (CEDAR) Sdn Bhd,
|c 2014.
|
| 300 |
# |
# |
|a 141 pages.
|
| 650 |
0 |
0 |
|a Small business --
|x Research --
|z Malaysia
|
| 650 |
0 |
0 |
|a Wholesale trade --
|x Research --
|z Malaysia
|
| 650 |
0 |
0 |
|a Retail trade --
|x Research --
|z Malaysia
|
| 700 |
1 |
0 |
|a Cheng, Boon Liat,
|
| 700 |
0 |
0 |
|a Shanmugam Munuswamy,
|
| 700 |
0 |
0 |
|a R. Ravindran,
|
| 700 |
0 |
0 |
|a Mohar Yusof,
|
| 700 |
0 |
0 |
|a Syed Omar Syed Agil,
|
| 700 |
1 |
0 |
|a Mohd Mahayaudin Mansor
|
| 700 |
1 |
0 |
|a Nor Khalidah Abu
|
| 700 |
1 |
0 |
|a Leilanie Mohd Nor
|
| 700 |
0 |
0 |
|a Ahmad Zawawi Jamal
|
| 999 |
|
|
|a JHR000408B
|b Book
|c Malaysia
|e MATRADE Southern Regional Office
|
| 999 |
|
|
|a B000036052
|b Book
|c Malaysia
|e Business Information Centre
|
| 999 |
|
|
|a PNG001118B
|b Book
|c Malaysia
|e MATRADE Northern Regional Office
|
| 999 |
|
|
|a SBH001085B
|b Book
|c Malaysia
|e MATRADE Sabah
|
| 999 |
|
|
|a SRW000512B
|b Book
|c Malaysia
|e MATRADE Sarawak
|
| 999 |
|
|
|a TRG000396B
|b Book
|c Malaysia
|e MATRADE Eastern Regional Office
|